00326nam a2200133Ia 45000030006000000080041000060400015000471000021000622450033000832500013001162600034001295460012001630050017001750STCL150530s9999 xx 000 0 und d aSTCLcSTCL aBorradaile, L.A. aManual of elementary zoology aEleventh bOxford University pressc1950 aEnglish20220125170423.0